000 00528nam a2200169 a 4500
001 BRCA_262
005 20190320202934.0
008 800815s1954 mx-a---###---#000-0#spa-#
040 _aDLC
_cNmU
_dDLC
050 4 _aND259.M6
_b.F73 1954
245 1 0 _aFrancisco Monterde Fernández
_b1921-1951.
260 _aMéxico
_bImprenta Universitaria
_c1954
300 _a219 p.
_bil.
_c23 cm.
600 1 4 _aMonterde Fernández, Francisco
_d1921-1951
_vBiografía
_9889
650 1 4 _aPintores
_vBiografías
_ySiglo XX
_zMéxico
_9890
942 _2lcc
_cB
999 _c213
_d213